000 00372nam a2200145Ia 4500
008 230711s9999||||xx |||||||||||||| ||und||
041 _aENG
082 _a620
_bRA-M
100 _aRamaRao,P
245 0 _aAdvances in materials and their applications
250 _a1st
260 _c1993
_aNew Delhi
_bWiley Eastern Limited
650 _aMechanical Engineering
942 _cBK
999 _c2706
_d2706